Dohoda ATP. : Dohoda o medzinárodných prepravách skaziteľných potravín a o špeciálnych prostriedkoch určených na tieto prepravy.

Uložené v:
Podrobná bibliografia
Médium: Kniha
Jazyk:Slovak
English
Vydané: Bratislava : Ústav cestnej dopravy, 1998
Vydanie:1. vyd.
Témy:
ISBN: 8096810308 (brož.)
Fyzický popis: 68 s.
Tagy: Pridať tag
Žiadne tagy, Buďte prvý kto otaguje tento záznam!

MARC

LEADER 00000nam a2200000 a 4500
001 000062637
003 SVKK
005 19990427000000.0
008 990322s1998 xo e sloo
020 |a 8096810308 (brož.) 
040 |a SVKKK  |b slo  |c SVKKK  |e AACR2 
041 1 |a slo  |h eng 
044 |a xo  |c SK 
080 |a 663/664:656.073(094)  |2 1997 
080 |a 663/664:341.24  |2 1997 
080 |a 341.24:663/664  |2 1997 
245 0 0 |a Dohoda ATP. :  |b Dohoda o medzinárodných prepravách skaziteľných potravín a o špeciálnych prostriedkoch určených na tieto prepravy. 
250 |a 1. vyd. 
260 |a Bratislava :  |b Ústav cestnej dopravy,  |c 1998 
300 |a 68 s. 
653 0 |a potraviny skaziteľné  |2 SVKKKPH 
653 0 |a dohody medzinárodné  |2 SVKKKPH 
653 0 |a preprava  |2 SVKKKPH 
655 7 |a monografie  |2 SVKKKPH 
910 |a svkkk 
919 |a 80-968103-0-8 
974 |a UH  |d 19990422 
974 |a KL  |d 19990419 
974 |a MI  |d 19990427 
998 |a BK 
090 |g SCKHL  |k Sklad Pribinova 3. posch.  |a V.203442  |j 923823  |i 2720151589  |s Absenčne